[Event "Polanica Zdroj op"]
[Site "Polanica Zdroj"]
[Date "1995.??.??"]
[Round "9"]
[White "Kaula, Roman"]
[Black "Stripunsky, Alexander"]
[Result "0-1"]
[WhiteElo "2350"]
[BlackElo "2495"]

1.e4 c5 2.Nf3 Nc6 3.Bb5 d6 4.O-O Bd7 5.Re1 Nf6 6.c3 a6 7.Ba4 b5 8.Bc2 Bg4
9.a4 Rc8 10.axb5 axb5 11.h3 Bxf3 12.Qxf3 g6 13.Qe2 Qb6 14.d3 Bg7 15.Bg5 O-O
16.Nd2 Nd7 17.Reb1 Ra8 18.Nf1 h6 19.Bd2 Rxa1 20.Rxa1 e6 21.h4 d5 22.exd5 exd5
23.h5 g5 24.d4 cxd4 25.Qf3 Nf6 26.Ng3 dxc3 27.bxc3 Ne5 28.Qf5 Qe6 29.Be3 Re8
30.Bd4 Nc6 31.Qxe6 fxe6 32.Bg6 Rc8 33.Ne2 b4 34.g3 e5 35.Bb6 b3 36.Rb1 Rb8
37.Bc7 Rb7 38.Bd6 e4 39.Nc1 b2 40.Na2 Na5 41.Nb4 Nc4 42.Bc5 Nd7 43.Be3 Rxb4
44.cxb4 Na3 45.Rxb2 Bxb2 46.Bf5 Nf6 47.Be6+ Kg7 48.Bc5 Nb5 49.Kf1 Bc3 50.Be7 Nd4  0-1

[Event "Policka op"]
[Site "Policka"]
[Date "1995.??.??"]
[Round "8"]
[White "Kholmov, Ratmir D"]
[Black "Bagaturov, Giorgi"]
[Result "0-1"]
[WhiteElo "2445"]
[BlackElo "2460"]

1.e4 c5 2.Nf3 Nc6 3.Bb5 g6 4.O-O Bg7 5.Re1 Nf6 6.d3 O-O 7.c3 d6 8.Nbd2 Ne5
9.Nxe5 dxe5 10.Nf3 Qc7 11.a4 Bg4 12.h3 Bxf3 13.Qxf3 Ne8 14.Bc4 Nd6 15.Ba2 Kh8
16.Bd2 e6 17.Rad1 Qc6 18.b3 f5 19.Qe2 Rad8 20.b4 cxb4 21.cxb4 Qxa4 22.Bxe6 Nb5
23.Ra1 Qc2 24.Ra2 Qc6 25.Bc4 Nd4 26.Qf1 a6 27.Bg5 Rd7 28.Bd5 Qb6 29.Bd2 f4
30.Rc1 f3 31.Rc4 fxg2 32.Kxg2 Qd8 33.Qe1 h6 34.Bc3 Qg5+ 35.Kf1 Nf3 36.Qd1 Nh2+
37.Ke2 Kh7 38.Be6 Rd6 39.Bc8 Qh5+ 40.Ke1 Nf3+ 41.Ke2 Rxc8 42.Rxc8 Nh4+ 43.Kd2 Rxd3+
44.Kxd3 Qxd1+ 45.Rd2 Qf3+ 46.Kc2 Qxe4+ 47.Kb2 Nf5 48.Rd7 h5 49.Rcc7 b6 50.Rb7 Qf3  0-1

[Event "Portoroz op"]
[Site "Portoroz"]
[Date "1995.??.??"]
[Round "?"]
[White "Surbek, B."]
[Black "Kocman, M."]
[Result "1/2-1/2"]
[WhiteElo "1850"]
[BlackElo "2080"]

1.e4 c5 2.Nf3 Nc6 3.Bb5 g6 4.Bxc6 dxc6 5.O-O Bg7 6.c3 Nf6 7.d3 O-O 8.Ne1 Nxe4
9.Be3 c4 10.d4 f5 11.Qc1 e5 12.dxe5 Bxe5 13.f4 Bg7 14.Nf3 Be6 15.Na3 Qe7
16.Rd1 Rad8 17.Rxd8 Rxd8 18.Bxa7 c5 19.Nb5 Bd7 20.a4 Bc6 21.Qf1 Nd2 22.Qf2 Nxf3+
23.gxf3 Rd5 24.Re1 Qd7 25.Qe3 Bf8 26.Qe6+  1/2-1/2

[Event "Pozarevac"]
[Site "Pozarevac"]
[Date "1995.??.??"]
[Round "2"]
[White "Komliakov, Viktor"]
[Black "Zontakh, Andrey"]
[Result "1/2-1/2"]
[WhiteElo "2520"]
[BlackElo "2460"]

1.e4 c5 2.Nf3 Nc6 3.Bb5 e6 4.Bxc6 bxc6 5.d3 Ne7 6.O-O Ng6 7.Ng5 e5 8.Qh5 Be7
9.Nc3 d6 10.Ne2 Qd7 11.h3 Bf6 12.Nxh7 Ba6 13.Nxf6+ gxf6 14.Qg4 Qxg4 15.hxg4 c4
16.dxc4 Bxc4 17.Re1 Bxe2 18.Rxe2 Ke7 19.f3 Nf8 20.Be3 Ne6 21.Rd1 Rab8 22.c3 Rb7
23.Red2 Rd8 24.g3 Rbd7 25.b4 d5 26.f4 a6 27.g5 fxg5 28.f5 Nc7 29.Bxg5+ f6
30.Be3 Nb5 31.exd5 cxd5 32.Bb6 Rg8 33.Rxd5 Rxd5 34.Rxd5 Rxg3+ 35.Kf2 Rxc3
36.a4 Rc2+ 37.Ke3 Nc3 38.Bc5+ Ke8 39.Rd6 Nxa4 40.Re6+ Kf7 41.Re7+ Kg8 42.Kd3 Rc3+
43.Kd2 Rf3 44.Re8+ Kg7 45.Re7+ Kh6 46.Be3+ Kh5 47.Re6 Nb2 48.Ke2 Rxf5 49.Bc1 Na4
50.Bd2 Nb2 51.Bc1  1/2-1/2

[Event "Pozarevac"]
[Site "Pozarevac"]
[Date "1995.??.??"]
[Round "5"]
[White "Ivkov, Borislav"]
[Black "Milovanovic, Rade"]
[Result "1/2-1/2"]
[WhiteElo "2485"]
[BlackElo "2445"]

1.e4 c5 2.Nf3 Nc6 3.Bb5 g6 4.O-O Bg7 5.Re1 Nf6 6.e5 Ng4 7.Bxc6 dxc6 8.d3 O-O
9.Bf4 f6 10.Nc3 g5 11.Bd2 Nh6 12.Ne4 g4 13.Nh4 f5 14.Nxc5 e6 15.g3 Nf7 16.Bf4 b6
17.Nb3 c5 18.Qd2 Bb7 19.c4 Qc8 20.Qe3 Qc6 21.f3 gxf3 22.Nd2 f2+ 23.Kxf2 Rad8
24.Ndf3 Rfe8 25.b3 b5 26.Rad1  1/2-1/2

[Event "Pozarevac"]
[Site "Pozarevac"]
[Date "1995.??.??"]
[Round "6"]
[White "Komliakov, Viktor"]
[Black "Milanovic, Danilo"]
[Result "1-0"]
[WhiteElo "2520"]
[BlackElo "2300"]

1.e4 c5 2.Nf3 Nc6 3.Bb5 e6 4.Bxc6 bxc6 5.d3 Ne7 6.Ng5 Ng6 7.f4 Be7 8.Nf3 Qc7
9.g3 d6 10.Qe2 f5 11.h4 O-O 12.e5 Nh8 13.b3 Nf7 14.Bb2 Rb8 15.exd6 Bxd6 16.Nbd2 Ba6
17.O-O-O Rfe8 18.Rhe1 Rbd8 19.Ne5 Bf8 20.Nxf7 Qxf7 21.Nf3 Qc7 22.Ne5 Rd5
23.h5 Rd4 24.Nf3 Rd5 25.Be5 Qe7 26.c4 Rdd8 27.Rg1 Qd7 28.g4 Bd6 29.Kc2 Bxe5
30.Qxe5 Rf8 31.g5 Qd6 32.h6 Qxe5 33.Nxe5 Rd4 34.Rdf1 Bb7 35.Rh1 g6 36.Kd2 Rd6
37.Ke3 Rfd8 38.Rb1 a5 39.Rb2 Ba6 40.a3 Rb8 41.Rhb1 Rbd8 42.b4 axb4 43.axb4 Bxc4
44.dxc4  1-0

[Event "Pozarevac"]
[Site "Pozarevac"]
[Date "1995.??.??"]
[Round "8"]
[White "Komliakov, Viktor"]
[Black "Matulovic, Milan"]
[Result "1/2-1/2"]
[WhiteElo "2520"]
[BlackElo "2455"]

1.e4 c5 2.Nf3 Nc6 3.Bb5 g6 4.Bxc6 dxc6 5.h3 Nf6 6.d3 Bg7 7.Nc3 Nd7 8.Be3 e5
9.Qd2 Qe7 10.Bh6 O-O 11.Bxg7 Kxg7 12.Qe3 Re8 13.O-O-O Nf8 14.g3 f6 15.Nh2 Ne6
16.f4 Nd4  1/2-1/2

[Event "Pozarevac"]
[Site "Pozarevac"]
[Date "1995.??.??"]
[Round "12"]
[White "Komliakov, Viktor"]
[Black "Milovanovic, Rade"]
[Result "1-0"]
[WhiteElo "2520"]
[BlackElo "2445"]

1.e4 c5 2.Nf3 Nc6 3.Bb5 g6 4.Bxc6 bxc6 5.O-O Nf6 6.e5 Nd5 7.c4 Nc7 8.d4 cxd4
9.Qxd4 Bg7 10.Qh4 O-O 11.Bh6 f6 12.Bxg7 Kxg7 13.Nc3 Ne6 14.Rad1 fxe5 15.Nxe5 Rf4
16.Qg3 Qc7 17.Rfe1 Rb8 18.b3 Rb7 19.Rd3 Rf6 20.Rde3 Rf5 21.Rf3 Rxf3 22.Qxf3 Nd8
23.Nxg6 Kxg6 24.Rxe7  1-0

[Event "CZE Moravia-ch"]
[Site "Prerov"]
[Date "1995.??.??"]
[Round "5"]
[White "Fuksik, Jakub"]
[Black "Sluka, Radek"]
[Result "1-0"]
[WhiteElo "2185"]
[BlackElo "2310"]

1.e4 c5 2.Nf3 Nc6 3.Bb5 e6 4.b3 Nd4 5.Nxd4 cxd4 6.O-O Bc5 7.Bb2 Ne7 8.c3 Nc6
9.Qh5 Bb6 10.Na3 a6 11.Bxc6 dxc6 12.Nc4 O-O 13.Ba3 Ba7 14.Bxf8 Qxf8 15.Qe5 f6
16.Qd6 Bc5 17.Qxf8+ Kxf8 18.b4 Ba7 19.Nd6 Ke7 20.Nxc8+ Rxc8 21.a4 Bb8 22.c4 d3
23.g3 Bd6 24.Rab1 Rd8 25.Rfc1 Be5 26.Kg2 g5 27.Rb3 g4 28.h3 Rd4 29.hxg4 Rxe4
30.Kf3 Rd4 31.Rh1 Rxc4 32.Rxh7+ Kd8 33.Rxb7 a5 34.bxa5 Rxa4 35.Ra7 c5 36.a6 c4
37.Rbb7  1-0

[Event "CZE Moravia-ch"]
[Site "Prerov"]
[Date "1995.??.??"]
[Round "7"]
[White "Talla, Vladimir"]
[Black "Michenka, Jozef"]
[Result "1/2-1/2"]
[WhiteElo "2240"]
[BlackElo "2375"]

1.e4 c5 2.Nf3 Nc6 3.Bb5 Qc7 4.O-O e6 5.Re1 d6 6.c3 a6 7.Bf1 g6 8.d4 Bg7 9.dxc5 dxc5
10.Be3 b6 11.Nbd2 Nf6 12.h3 O-O 13.b4 cxb4 14.cxb4 Rd8 15.Qc2 Bb7 16.Nc4 Nd7
17.Rac1 Rac8 18.Qb3 b5 19.Na5 Qb8 20.Nxc6 Rxc6 21.Rxc6 Bxc6 22.Nd4 Rc8 23.Nxc6 Rxc6
24.a4 Rc3 25.Qa2 Ne5 26.axb5 axb5 27.Qa6 Nc4 28.Ba7 Qe8 29.Rd1 Be5 30.Bc5 Kg7
31.Qb7 Rc2 32.Be7 Qb8 33.Rd7 Qxb7 34.Rxb7 Rc1 35.Bg5 Rb1 36.Be3 Nd6 37.Rb6 Nxe4
38.Rxb5 Kf6 39.g3 Nc3 40.Rb7 Nd5 41.Bc5 Bc3 42.b5  1/2-1/2

[Event "Radviliskis op"]
[Site "Radviliskis"]
[Date "1995.??.??"]
[Round "5"]
[White "Skarulskis, Robertas"]
[Black "Bilinskas, Rajmundas"]
[Result "0-1"]
[WhiteElo "2060"]
[BlackElo "2245"]

1.e4 c5 2.Nf3 Nc6 3.Bb5 d6 4.c3 Bd7 5.O-O a6 6.Ba4 b5 7.Bc2 e5 8.d4 cxd4
9.cxd4 Bg4 10.dxe5 dxe5 11.Bg5 Qxd1 12.Bxd1 Bc5 13.Nbd2 Bd7 14.Nb3 Bb6 15.Rc1 f6
16.Bd2 Nge7 17.Nc5 Bg4 18.Be3 O-O 19.Bb3+ Kh8 20.Nd2 Rad8 21.h3 Bc8 22.Nf3 Na5
23.Ne6 Bxe3 24.Nxd8 Bxc1 25.Nf7+ Rxf7 26.Bxf7 Bxb2 27.Rb1 Ba3 28.Rd1 g6 29.Rd8+ Kg7
30.Bd5 Nc4 31.g4 h6 32.Ne1 h5 33.f3 hxg4 34.hxg4 f5 35.gxf5 gxf5 36.Nd3 fxe4
37.fxe4 Bg4 38.Ra8 Nxd5 39.exd5 e4 40.Nf4 a5 41.Rb8 Nd6 42.Ra8 a4 43.Ra7+ Kf6
44.Rh7 Ke5 45.Ng6+ Kxd5  0-1

[Event "Radviliskis op"]
[Site "Radviliskis"]
[Date "1995.??.??"]
[Round "6"]
[White "Stasiunaite, Lina"]
[Black "Linauskas, Dainius"]
[Result "0-1"]
[WhiteElo "2165"]
[BlackElo "2320"]

1.e4 c5 2.Nf3 Nc6 3.Bb5 g6 4.Bxc6 dxc6 5.O-O Bg4 6.h3 Bxf3 7.Qxf3 Bg7 8.d3 e5
9.Nc3 Nf6 10.Be3 Nd7 11.Qg3 Qe7 12.f4 exf4 13.Bxf4 Ne5 14.Kh1 O-O 15.Qe3 Rfe8
16.Rae1 b6 17.Bg5 Qe6 18.Ne2 Qxa2 19.Bh6 Qe6 20.Ng3 f6 21.Bxg7 Kxg7 22.Rf4 Rad8
23.Ref1 Rf8 24.Rh4 Rf7 25.Ne2 Kg8 26.Rhf4 Rd6 27.Qg3 Qa2 28.R4f2 Qxb2 29.Nf4 Kf8
30.h4 Ke7 31.h5 g5 32.Nh3 h6 33.Ng1 Re6 34.Qh3 g4 35.Qe3 Rh7 36.Ne2 Rd6 37.Ng3 Re6
38.Nf5+ Kd7 39.Nxh6 Qd4 40.Qf4 Qd6 41.Nxg4 Rxh5+ 42.Nh2  0-1

[Event "ISL-ch"]
[Site "Reykjavik"]
[Date "1995.??.??"]
[Round "2"]
[White "Karlsson, Agust S"]
[Black "Jonasson, Benedikt"]
[Result "1-0"]
[WhiteElo "2315"]
[BlackElo "2300"]

1.e4 c5 2.Nf3 Nc6 3.Bb5 e6 4.Bxc6 bxc6 5.O-O d5 6.Re1 Nf6 7.e5 Nd7 8.d3 Be7
9.Nc3 Qc7 10.Qe2 h6 11.b3 Ba6 12.Ba3 Qa5 13.Nb1 c4 14.Bxe7 cxd3 15.cxd3 Kxe7
16.Qc2 Rac8 17.Nc3 c5 18.Qd2 Qb6 19.Nh4 Bb7 20.f4 Qb4 21.Nf3 g6 22.a3 Qb6
23.Kh1 d4 24.Ne4 Bxe4 25.dxe4 Qb8 26.b4 Rhd8 27.Rab1 Qc7 28.Rbc1 Qb8 29.Qf2 g5
30.fxg5 Nxe5 31.gxh6 Rh8 32.Qh4+ f6 33.bxc5 Nxf3 34.gxf3 Qb3 35.Rf1 Qe3 36.h7 e5
37.Rb1 Rc7 38.Qh3 d3 39.Rg1 Qxc5 40.Rg8 d2 41.Rxh8 Qb5 42.Rg1 Rc1 43.Rg8 d1=Q
44.h8=Q  1-0

[Event "Riga op"]
[Site "Riga"]
[Date "1995.??.??"]
[Round "?"]
[White "Zapolskis, Antanas"]
[Black "Sveshnikov, Evgeny"]
[Result "0-1"]
[WhiteElo "2360"]
[BlackElo "2560"]

1.e4 c5 2.Nf3 Nc6 3.Bb5 e6 4.O-O Nge7 5.b3 Ng6 6.Bb2 Qc7 7.Re1 f6 8.Nc3 Bd6
9.Bxc6 bxc6 10.Na4 O-O 11.d3 Be7 12.Ba3 d6 13.c3 e5 14.d4 cxd4 15.cxd4 Bg4
16.h3 Bxf3 17.Qxf3 exd4 18.Qd1 c5 19.b4 Rac8 20.Rc1 Rfd8 21.bxc5 dxc5 22.Bxc5 Qb7
23.Bxe7 Rxc1 24.Qxc1 Qxe7 25.Nb2 Qe6 26.Qc7 Rd7 27.Qc4 Qxc4 28.Nxc4 Rc7 29.Nd2 Nf4
30.Nb3 d3 31.Rd1 Rc2 32.Rd2 Kf7 33.f3 g5 34.Kf2 h5 35.g3 Nxh3+ 36.Ke3 Ng1
37.Kxd3 Rc8 38.Rf2 h4 39.gxh4 gxh4 40.Nd2 Nh3 41.Rh2 Nf4+ 42.Ke3 Ng6 43.Kd3 Ne5+
44.Ke3 Rc2 45.Rh1 Rxa2 46.f4 Ra3+ 47.Ke2 Ng6 48.f5 Nf4+ 49.Kf2 h3 50.Nf3 Nd3+
51.Ke2 Ne5 52.Nxe5+ fxe5 53.Kf2 h2 54.Kg2 Ra2+ 55.Kg3 a5 56.Rb1 Rb2 57.Rc1 a4  0-1

[Event "Rishon Le Ziyyo m (Women)"]
[Site "Rishon Le Ziyyon"]
[Date "1995.??.??"]
[Round "4"]
[White "Segal, Anna"]
[Black "Tsifanskaya, Ludmila A"]
[Result "1/2-1/2"]
[WhiteElo "2320"]
[BlackElo "2245"]

1.e4 c5 2.Nf3 Nc6 3.Bb5 g6 4.O-O Bg7 5.Re1 Nf6 6.c3 O-O 7.h3 e5 8.d3 d6 9.Bxc6 bxc6
10.Na3 Nh5 11.Be3 Rb8 12.Rb1 h6 13.Nc4 Be6 14.Qa4 Qc7 15.b4 cxb4 16.cxb4 Nf4
17.Qc2 Qd7 18.Bxf4 exf4 19.e5 Bxc4 20.Qxc4 dxe5 21.Rxe5 Bxe5 22.Nxe5 Qd6
23.Nxc6 Rbc8 24.b5 Rc7 25.d4 Re8 26.d5 f3 27.g3 Re2 28.Rd1 Rd7 29.Qg4 Rxa2
30.Qxf3 Kg7 31.Qb3 Qa3 32.Qxa3 Rxa3 33.Ne5 Rd8 34.d6 f6 35.Nc6 Rd7 36.Nb8 Rb7
37.Nc6 Rd7 38.Nb8 Rb7 39.Nc6 Rd7 40.Nb8 Rb7 41.d7 Rxb8 42.d8=Q Rxd8 43.Rxd8 g5
44.Ra8 Ra5 45.Rb8 h5  1/2-1/2

[Event "Rishon Le Ziyyon YM-IM"]
[Site "Rishon Le Ziyyon"]
[Date "1995.??.??"]
[Round "5"]
[White "Gershon, Alik"]
[Black "Kundin, Alexander"]
[Result "1/2-1/2"]
[WhiteElo "2340"]
[BlackElo "2205"]

1.e4 c5 2.Nf3 Nc6 3.Bb5 e6 4.O-O Nge7 5.b3 a6 6.Bxc6 Nxc6 7.Bb2 b5 8.a4 b4
9.d4 cxd4 10.Nxd4 Qf6 11.Ra2 Nxd4 12.Bxd4 Qg6 13.Nd2 Bb7 14.f3 d5 15.e5 Be7
16.f4 O-O 17.Nf3 Rac8 18.Qd2 Rc7 19.Rf2 Rfc8 20.h3 h5 21.Kh2 h4 22.Kh1 Qf5
23.Kh2 Qg6 24.a5 Ba8 25.Re2 Bb7 26.Bb6 Rc3 27.Nd4 Rg3 28.Re3 Rxe3 29.Qxe3 Rc3
30.Qd2 Qg3+ 31.Kg1 Qg6 32.Kh2 Qg3+ 33.Kg1 Qg6 34.Kh2  1/2-1/2

[Event "Rishon Le Ziyyo m (Women)"]
[Site "Rishon Le Ziyyon"]
[Date "1995.??.??"]
[Round "6"]
[White "Segal, Anna"]
[Black "Tsifanskaya, Ludmila A"]
[Result "0-1"]
[WhiteElo "2320"]
[BlackElo "2245"]

1.e4 c5 2.Nf3 Nc6 3.Bb5 g6 4.Bxc6 dxc6 5.d3 Bg7 6.Nc3 e5 7.Be3 b6 8.Qd2 Qc7
9.O-O-O h6 10.h3 Be6 11.Qe2 O-O-O 12.g4 Ne7 13.g5 h5 14.Kb1 Qd7 15.Qf1 Rhf8
16.Qg2 Qb7 17.Qg3 Qc7 18.Nd2 Rd7 19.Rhf1 Rfd8 20.Ne2 c4 21.dxc4 Bxc4 22.Rfe1 Qb7
23.Nc3 Be6 24.Nb3 Rxd1+ 25.Rxd1 Rxd1+ 26.Nxd1 Qd7 27.Qf3 c5 28.Nc3 Nc6 29.Qe2 Nd4
30.Qa6+ Qb7 31.Qa4 Bd7 32.Qc4 Bxh3  0-1

[Event "ROM-chT"]
[Site "ROM"]
[Date "1995.??.??"]
[Round "?"]
[White "Iordachescu, Viorel"]
[Black "Vlad, Decebal"]
[Result "1-0"]
[WhiteElo "2425"]
[BlackElo "2335"]

1.e4 c5 2.Nf3 Nc6 3.Bb5 g6 4.Bxc6 bxc6 5.O-O Bg7 6.Re1 Nh6 7.c3 O-O 8.d4 cxd4
9.cxd4 f6 10.Nc3 d6 11.h3 Nf7 12.b3 Qa5 13.Bb2 e5 14.Rc1 Qa6 15.Rc2 Rb8 16.Na4 Be6
17.Rd2 Rfd8 18.Ba3 Bh6 19.Rd3 Bf8 20.Qc2 Bg7 21.Bc1 f5 22.Nc3 fxe4 23.Nxe4 Bf5
24.dxe5 d5 25.Nc5 Bxd3 26.Nxd3 Re8 27.e6 Nh6 28.Bf4 Rbc8 29.Nc5 Qa5 30.g4 Rf8
31.e7 Rxf4 32.e8=Q+ Rxe8 33.Rxe8+ Rf8 34.Rxf8+ Bxf8 35.Ne6 c5 36.Qd3 Qxa2
37.Qxd5 Nf7 38.Qa8  1-0

[Event "Rostov on Don (Women)"]
[Site "Rostov"]
[Date "1995.??.??"]
[Round "1"]
[White "Kulish, Irina"]
[Black "Kovalevskaya, Ekaterina"]
[Result "0-1"]
[WhiteElo "2245"]
[BlackElo "2370"]

1.e4 c5 2.Nf3 Nc6 3.Bb5 e6 4.O-O Nge7 5.Re1 a6 6.Bxc6 Nxc6 7.d4 cxd4 8.Nxd4 d6
9.Nc3 f6 10.f4 Be7 11.f5 Nxd4 12.Qxd4 O-O 13.fxe6 Bxe6 14.Nd5 Rc8 15.c4 Re8
16.b3 b5 17.cxb5 axb5 18.Bf4 Bf8 19.Qd3 Bf7 20.Rac1 Qa5 21.Ra1 f5 22.b4 Qa7+
23.Be3 Qb7 24.Nb6 Rc6 25.Qxb5 Re5  0-1

[Event "Rostov on Don (Women)"]
[Site "Rostov"]
[Date "1995.??.??"]
[Round "4"]
[White "Bojkovic, Natasa"]
[Black "Shumiakina, Tatiana"]
[Result "1/2-1/2"]
[WhiteElo "2430"]
[BlackElo "2350"]

1.e4 c5 2.Nf3 Nc6 3.Bb5 e6 4.Bxc6 bxc6 5.b3 Ne7 6.e5 Ng6 7.h4 f6 8.Bb2 Be7
9.d3 O-O 10.Nbd2 Nxe5 11.Nxe5 fxe5 12.Bxe5 d6 13.Bb2 e5 14.Qe2 Bf5 15.g3 Qa5
16.a4 c4 17.bxc4 Rab8 18.Ra2 d5 19.O-O Bh3 20.Nb3 Rxb3 21.cxb3 Bxf1 22.Qxe5 Rf7
23.Kxf1 Qb6 24.Bc3 dxc4 25.dxc4 Qxb3 26.Re2 Qxc4 27.Qd4 Qa6 28.Qe4  1/2-1/2

[Event "Rostov on Don (Women)"]
[Site "Rostov"]
[Date "1995.??.??"]
[Round "10"]
[White "Kulish, Irina"]
[Black "Stepovaia Dianchenko, Tatiana"]
[Result "0-1"]
[WhiteElo "2245"]
[BlackElo "2310"]

1.e4 c5 2.Nf3 Nc6 3.Bb5 g6 4.Bxc6 dxc6 5.h3 e5 6.d3 f6 7.Nc3 Nh6 8.Be3 Nf7
9.Nh2 g5 10.Qh5 Be6 11.Nf1 Qd7 12.Ng3 O-O-O 13.O-O-O Qc7 14.Qf3 Be7 15.Nh5 Rdf8
16.Ng7 Nd8 17.Nxe6 Nxe6 18.h4 Qd7 19.hxg5 fxg5 20.Qg4 h6 21.Rh2 Rf7 22.Rdh1 Bf8
23.Ne2 Rg8 24.Ng3 b6 25.Nf5 Rh7 26.Kb1 Rg6 27.Bc1 Kb7 28.Ne3 Rf7 29.f3 Qe7
30.Qg3 Nf4 31.Qe1 Qd6 32.b3 Rh7 33.Bb2 Bg7 34.Nc4 Qc7 35.Ne3 Ne6 36.Nf5 Bf8
37.Qg3 Nd4 38.Ne3 Bg7 39.Nc4 Re6 40.Qg4 Qf7 41.Ne3 Rg6 42.Nc4 b5 43.Ne3 Bf8
44.c3 Ne6 45.Nf5 Nf4 46.Rd1 Qe8 47.d4 Rd7 48.Rhh1 Qd8 49.Kc2 cxd4 50.cxd4 exd4
51.Rxd4 Rxd4 52.Bxd4 c5 53.Bc3 Qd3+ 54.Kb2 b4 55.Bh8 Ra6 56.Nd4 Qc3+ 57.Kb1 cxd4
58.Rc1 Qd3+ 59.Kb2 Ne6 60.Qf5 Qd2+ 61.Rc2 Rxa2+  0-1

[Event "Rostov on Don (Women)"]
[Site "Rostov"]
[Date "1995.??.??"]
[Round "10"]
[White "Velikhanli, Firuza"]
[Black "Kovalevskaya, Ekaterina"]
[Result "0-1"]
[WhiteElo "2340"]
[BlackElo "2370"]

1.e4 c5 2.Nf3 Nc6 3.Bb5 e6 4.b3 Qb6 5.Qe2 Nge7 6.Bb2 Ng6 7.Bxc6 Qxc6 8.O-O Bd6
9.d4 O-O 10.c4 cxd4 11.Nxd4 Qb6 12.Nd2 a6 13.Kh1 Qc7 14.N2f3 b6 15.Rad1 Bb7
16.Qe3 Be7 17.Rfe1 Rfe8 18.Qd2 Rad8 19.Rc1 Qf4 20.Qc2 Qb8 21.a3 Rc8 22.Qe2 Bf6
23.e5 Be7 24.Qe3 d5 25.Ng5 Bxg5 26.Qxg5 dxc4 27.bxc4 Rc7 28.h4 Qd8 29.Re3 Nxh4
30.Qxd8 Rxd8 31.f3 Rdc8 32.Rec3 Ng6 33.R3c2 Nxe5 34.Nxe6 Rxc4 35.Rxc4 Nxc4  0-1

[Event "Rostov on Don (Women)"]
[Site "Rostov"]
[Date "1995.??.??"]
[Round "11"]
[White "Bojkovic, Natasa"]
[Black "Velikhanli, Firuza"]
[Result "0-1"]
[WhiteElo "2430"]
[BlackElo "2340"]

1.e4 c5 2.Nf3 Nc6 3.Bb5 e6 4.Bxc6 bxc6 5.b3 d5 6.e5 Ne7 7.O-O Nf5 8.d3 Be7
9.c4 O-O 10.Nc3 f6 11.Na4 fxe5 12.Nxe5 Qc7 13.Re1 Bd6 14.f4 d4 15.Qe2 Bb7
16.Bd2 Rae8 17.Qg4 Qe7 18.Re2 Nh6 19.Qh3 Rf6 20.Rae1 Qc7 21.Nb2 Bc8 22.Na4 Ref8
23.Qh4 Nf5 24.Qh3 Bd7 25.Re4 Rh6 26.Qg4 Be8 27.Qe2 Kh8 28.Rf1 Rhf6 29.Bc1 g5
30.Re1 gxf4 31.Rxf4 Ne3 32.Bxe3 Rxf4 33.Bxf4 Rxf4 34.Nf3 Bh5 35.Qxe6 Bxf3
36.gxf3 Rxf3 37.Qe8+ Rf8 38.Qh5 Qg7+ 39.Kh1 Rf2 40.Rg1 Qf7 41.Qh3 Rxh2+ 42.Qxh2 Bxh2
43.Kxh2 Qh5+ 44.Kg3 Qg6+ 45.Kh2 Qxd3 46.Nxc5 Qe2+ 47.Rg2 Qh5+  0-1

[Event "RUS Army-ch"]
[Site "RUS"]
[Date "1995.??.??"]
[Round "?"]
[White "Totsky, Leonid"]
[Black "Belikov, Vladimir"]
[Result "0-1"]
[WhiteElo "2455"]
[BlackElo "2470"]

1.e4 c5 2.Nf3 Nc6 3.Bb5 e6 4.O-O Nge7 5.c3 a6 6.Ba4 b5 7.Bc2 Bb7 8.Qe2 d5
9.e5 Qb6 10.Rd1 d4 11.Be4 Ng6 12.cxd4 cxd4 13.d3 Be7 14.Na3 Bd8 15.Nc2 Bc7
16.Ncxd4 Ncxe5 17.Nxe5 Nxe5 18.Nxe6 Qxe6 19.Bxb7 Rb8 20.Bxa6 O-O 21.Bxb5 Rxb5
22.d4 Qc4 23.Qxc4 Nxc4 24.b3 Nb6 25.Ba3 Ra8 26.Bc5 Nd5 27.Rdb1 Ba5 28.a4 Rb7
29.b4 Nxb4 30.Rb3 Rbb8 31.Bd6 Nc2 32.Bxb8 Nxa1 33.Rb7 Nc2 34.d5 Nb4 35.d6 Na6
36.Ba7 Kf8 37.Kf1 Rd8 38.Rb5 Bc3 39.Rb6 Nb4 40.Bb8  0-1

[Event "RUS Army-ch"]
[Site "RUS"]
[Date "1995.??.??"]
[Round "?"]
[White "Totsky, Leonid"]
[Black "Cherniaev, Alexander"]
[Result "0-1"]
[WhiteElo "2455"]
[BlackElo "2450"]

1.e4 c5 2.Nf3 Nc6 3.Bb5 g6 4.O-O Bg7 5.c3 Nf6 6.Re1 O-O 7.h3 e5 8.Bxc6 dxc6
9.d3 Qe7 10.Bg5 h6 11.Bh4 Rd8 12.Na3 b5 13.Nc2 Bb7 14.Qe2 Re8 15.g4 Qe6 16.Bg3 Nd7
17.Nd2 a5 18.a4 Nb6 19.b3 Red8 20.Reb1 Qd7 21.Ne1 c4 22.Qe3 Ra6 23.axb5 cxb5
24.bxc4 Nxc4 25.dxc4 Qxd2 26.Qxd2 Rxd2 27.cxb5 Ra8 28.Ra4 Rc8 29.Rc1 Rb2
30.Rxa5 Bxe4 31.f3 Bd5 32.b6 Bc4 33.Bf2 f5 34.gxf5 gxf5 35.Nc2 Be2 36.Ne1 Rc6
37.Rc2 Rg6+ 38.Kh2 Rxc2 39.Nxc2 Bxf3 40.Ne1 Bc6 41.Ra7 e4 42.Bd4 Bf8 43.Ra5 f4
44.Ng2 Bd6 45.Be5 e3 46.Ne1 f3  0-1

[Event "RUS Army-ch"]
[Site "RUS"]
[Date "1995.??.??"]
[Round "?"]
[White "Cherniaev, Alexander"]
[Black "Yagupov, Igor"]
[Result "1-0"]
[WhiteElo "2450"]
[BlackElo "2415"]

1.e4 c5 2.Nf3 Nc6 3.Bb5 d6 4.O-O Bd7 5.Re1 Nf6 6.c3 a6 7.Bxc6 Bxc6 8.d4 Bxe4
9.Bg5 Bd5 10.Nbd2 e6 11.c4 Bxf3 12.Qxf3 cxd4 13.Bxf6 gxf6 14.Qxb7 Bg7 15.Qc6+ Kf8
16.Ne4 f5 17.Nxd6 Bf6 18.Qb7 Be7 19.Nxf5 exf5 20.Rxe7 Qxe7 21.Qxa8+ Kg7 22.Qf3 Re8
23.Kf1 Kf6 24.Rd1 Qb4 25.b3 Qa5 26.Qh5 Qxa2 27.Qh6+ Ke7 28.Qg7 Rd8 29.Re1+ Kd7
30.Qxd4+ Kc8 31.Qc5+ Kb8 32.Qb6+ Kc8 33.g3 f4 34.Kg2 f3+ 35.Kxf3 Qa3 36.Kg2 h5
37.h4 f5 38.Re5 Rd6 39.Re8+ Kd7 40.Rd8+  1-0

[Event "Sala op"]
[Site "Sala"]
[Date "1995.??.??"]
[Round "9"]
[White "Oral, Tomas"]
[Black "Pribyl, Martin"]
[Result "1-0"]
[WhiteElo "2405"]
[BlackElo "2335"]

1.e4 c5 2.Nf3 Nc6 3.Bb5 d6 4.Bxc6+ bxc6 5.O-O e5 6.c3 Bg4 7.h3 Bh5 8.d3 Nf6
9.Nbd2 Be7 10.Qa4 Qd7 11.d4 cxd4 12.cxd4 Bxf3 13.Nxf3 Nxe4 14.Re1 f5 15.dxe5 O-O
16.exd6 Bxd6 17.Be3 Qb7 18.Qc4+ Kh8 19.b3 a5 20.Rac1 Bb4 21.Red1 Rae8 22.Qxc6 Qxc6
23.Rxc6 Nc3 24.Rd7 Nxa2 25.Rc2 Nc3 26.Bd4 Ne2+ 27.Rxe2 Rxe2 28.Bxg7+ Kg8
29.Bxf8 Bxf8 30.Rd5 Bb4 31.Rxf5 Rb2 32.Nd4 Kg7 33.Nc6 Kg6 34.Rf3 Bd2 35.g3 h5
36.Kg2 Be1 37.Ne5+ Kg7 38.Nd3 Re2 39.Nxe1 Rxe1 40.Rf5 h4 41.Rxa5 Re2 42.g4 Rb2
43.Rh5 Kg6 44.Rxh4 Rxb3 45.Rh5 Rb2 46.Ra5  1-0

[Event "BRA-chT"]
[Site "San Jose do Rio Preto"]
[Date "1995.??.??"]
[Round "2"]
[White "Matsuura, Everaldo"]
[Black "Milos, Gilberto"]
[Result "1/2-1/2"]
[WhiteElo "2415"]
[BlackElo "2555"]

1.e4 c5 2.Nf3 Nc6 3.Bb5 e6 4.Bxc6 bxc6 5.b3 Ne7 6.O-O Ng6 7.Bb2 f6 8.e5 Be7
9.d4 cxd4 10.exf6 Bxf6 11.Bxd4 O-O 12.Bxf6 Qxf6 13.Nbd2 d5 14.Ne1 Ba6 15.Nd3 Nf4
16.Nf3 Bxd3 17.cxd3 Qg6 18.g3 Nxd3 19.Nd4 e5 20.Nxc6 Rf7 21.Qd2 a5 22.b4 Qxc6
23.Qxd3 axb4 24.Rac1 Qd6 25.Rfd1 d4 26.Qc4 g6 27.Rb1 Kg7 28.Rd2 Rb8 29.Rdb2 Rc7
30.Qe2 Qd5 31.Re1 Re7 32.f3 d3 33.Qe3 Rf8 34.Kg2 Rc8 35.Rd2 Rd7 36.Red1 Rc3
37.Kf2 h6 38.Qe4 Qc5+ 39.Kg2 Rc2 40.Kh3 Rxd2 41.Rxd2 Qc3 42.Qe3 g5 43.g4 Qd4
44.Qxd4 Rxd4 45.Kg3 Kf6 46.Kf2 e4 47.fxe4 Rxe4 48.h3 Re6 49.Rxd3 Ra6 50.Rd2 Ke5
51.Rb2 Ra4 52.Ke3 Kd5 53.Rd2+ Kc5 54.Rc2+ Kb5 55.Rh2 Ra6 56.Ke4 Rf6 57.Ke5 Rf4
58.Kd5 Ka4 59.Ke5 Ka3 60.Ke6 Rf1 61.h4 Ra1 62.hxg5 hxg5  1/2-1/2

[Event "San Luis Clarin GP"]
[Site "San Luis"]
[Date "1995.??.??"]
[Round "1"]
[White "Zarnicki, Pablo"]
[Black "Munoz Pantoja, Miguel"]
[Result "1-0"]
[WhiteElo "2520"]
[BlackElo "2260"]

1.e4 c5 2.Nf3 Nc6 3.Bb5 g6 4.O-O Bg7 5.Bxc6 bxc6 6.Re1 Nf6 7.e5 Nd5 8.d4 cxd4
9.Qxd4 O-O 10.c4 Nb4 11.Qd2 c5 12.a3 Nc6 13.Qd5 Qb6 14.Nc3 e6 15.Qd3 Bb7
16.Bf4 Na5 17.b4 cxb4 18.axb4 Nc6 19.c5 Qd8 20.Rab1 f6 21.Qd2 a5 22.b5 Nb4
23.Ne4 Bxe4 24.Rxe4 Nd5 25.b6 fxe5 26.Bxe5 Bxe5 27.Nxe5 Rb8 28.Rd4 Qe7 29.Rxd5 exd5
30.Qxd5+ Rf7 31.Rd1 a4 32.Nxf7 Qxf7 33.Qxf7+ Kxf7 34.Rxd7+ Ke6 35.Rxh7 Kd5
36.Ra7 Kxc5 37.Rxa4 Rxb6 38.f3 Kd5 39.Re4 Rb2 40.h4 Rc2 41.Kh2 Rb2 42.Kg3 Ra2
43.Rg4  1-0

[Event "San Luis Clarin GP"]
[Site "San Luis"]
[Date "1995.??.??"]
[Round "3"]
[White "Szmetan, Jorge"]
[Black "Sorokin, Maxim"]
[Result "1/2-1/2"]
[WhiteElo "2435"]
[BlackElo "2535"]

1.e4 c5 2.Nf3 Nc6 3.Bb5 e6 4.O-O Nge7 5.Re1 d6 6.Bf1 d5 7.exd5 Nxd5 8.d4 Nf6
9.Be3 Be7 10.c3 O-O 11.h3 Nd5 12.Bc1 cxd4  1/2-1/2

[Event "San Salvador zt"]
[Site "San Salvador"]
[Date "1995.??.??"]
[Round "?"]
[White "Denny, Kevin"]
[Black "Espinosa, Rafael"]
[Result "0-1"]
[WhiteElo "2225"]
[BlackElo "2420"]

1.e4 c5 2.Nf3 Nc6 3.Bb5 Nf6 4.Nc3 Nd4 5.e5 Nxb5 6.Nxb5 Nd5 7.Ng5 f5 8.O-O a6
9.Nc3 Nxc3 10.dxc3 e6 11.Nh3 Qe7 12.Bg5 Qf7 13.f4 b6 14.Nf2 Bb7 15.Qe2 h6
16.Bh4 g5 17.fxg5 hxg5 18.Bg3 Qh7 19.h3 g4 20.c4 gxh3 21.Nxh3 O-O-O 22.Nf4 Be7
23.Kf2 Rdg8 24.Rh1 Qxh1 25.Rxh1 Rxh1 26.Nh5 Rg5 27.Nf6 f4 28.Qd2 fxg3+  0-1